Cuaderno de observaciones y experiencias.
Guardado en:
| Formato: | Libro |
|---|---|
| Lenguaje: | español |
| Publicado: |
Buenos Aires :
1968.
|
| Catálogo: | BNM: Resultados de Búsqueda del Catálogo |
| Clasificación de libros de texto: |
|
| Materias: | |
| Etiquetas: |
Agregar Etiqueta
Sin Etiquetas, Sea el primero en etiquetar este registro!
|
| Añadido a: | 2016-12-19 |
| Cambiado en: | 2022-02-20 |
MARC
| LEADER | 00000nam a2200000 a 4500 | ||
|---|---|---|---|
| 003 | AR-BaBNM | ||
| 005 | 20220220075826.0 | ||
| 007 | ta | ||
| 008 | 161220s1968 ag a r 000 0 spa d | ||
| 035 | |a 000224569 | ||
| 040 | |a AR-BaBNM |b spa | ||
| 080 | |a P 3/9 | ||
| 245 | 0 | 0 | |a Cuaderno de observaciones y experiencias. |
| 246 | 1 | 4 | |a Cuaderno Peuser de observaciones y experiencias |b de 7 a 10 años |
| 260 | |a Buenos Aires : |b Ediciones Didácticas Peuser, |c 1968. | ||
| 300 | |a 62 p. : |b il. | ||
| 650 | 4 | |a Educación primaria |9 7632 |a Actividades de enseñanza |9 6430 | |
| 655 | 4 | |a Libros de texto | |
| 942 | |2 udc |c LIBRO | ||
| 999 | |c 186197 |d 186197 | ||
| 999 | |c KOHA-OAI-TEST:186197 |d 186197 | ||